| 000 | 05334cam a22018254i 4500 | ||
|---|---|---|---|
| 003 | PE-LiUPU | ||
| 005 | 20250813165713.0 | ||
| 008 | 150625s1999 ag rb 000 0 spa d | ||
| 020 | _a9505180799 | ||
| 020 | _a9789505180790 | ||
| 035 | _a(Sirsi) i9789505180790 | ||
| 040 |
_aPE-LiUPU _bspa _cPE-LiUPU _dPE-LiUPU _erda |
||
| 049 | _aPRUA | ||
| 082 | 0 | 4 |
_a616.8914 _bA57 _221 |
| 100 | 1 |
_aAnderson, Harlene, _d1942- , _eautor. |
|
| 245 | 1 | 0 |
_aConversación, lenguaje y posibilidades : _bun enfoque posmoderno de la terapia / _cHarlene Anderson. |
| 264 | 1 |
_aBuenos Aires : _bAmorrortu, _c1999. |
|
| 300 |
_a370 páginas ; _c23 centímetros. |
||
| 336 |
_atext _2rdacontent |
||
| 337 |
_aunmediated _2rdamedia |
||
| 338 |
_avolume _2rdacarrier |
||
| 490 | 0 | _aPsicología. Terapaia Familiar | |
| 504 | _aIncluye bibliografía. | ||
| 505 | 0 | _aLa creación del espacio: el vaivén entre teoría y práctica -- Cambios en la cultura de la terapia: una cultura filosófica -- "Si mi historia puede ayudar." -- Cebollas y pirámides -- Espacios más abiertos: de las tradiciones modernas a las posibilidades posmodernas -- La coproducción de sistemas de lenguaje, de relaciones y de procesos: socios en un diálogo -- "Sabrina" -- La preparación del escenario -- Los sistemas terapéuticos como generadores de lenguaje y sentido -- Postura filosófica: posición, pericia y responsabilidad de los terapeutas -- La terapia como conversación dialógica -- La voz de los clientes: consejos prácticos de los expertos para crear conversaciones dialógicas y relaciones colaborativas -- La madre buena y la madre mala -- La búsqueda de significaciones en las significaciones -- "Si mi historia puede ayudar.." (continuación) -- Conocimiento y lenguaje -- Narrativa propia, identidad propia, autonomía -- La ampliación del espacio -- "Disolver la marejada" -- "Como si" -- Más allá de una terapia posmoderna -- Reflexiones de ida y vuelta. | |
| 526 | _aP203 | ||
| 526 | _aP200 | ||
| 526 | _aSEG65 | ||
| 526 | _aSEG64 | ||
| 526 | _aSEG63 | ||
| 526 | _aSEG62 | ||
| 526 | _aSEG61 | ||
| 526 | _aSEG60 | ||
| 526 | _aSEG59 | ||
| 526 | _aSEG58 | ||
| 526 | _aSEG57 | ||
| 526 | _aSEG56 | ||
| 526 | _aSEG55 | ||
| 526 | _aSEG54 | ||
| 526 | _aSEG53 | ||
| 526 | _aSEG52 | ||
| 526 | _aSEG51 | ||
| 526 | _aSEG50 | ||
| 526 | _aSEG49 | ||
| 526 | _aSEG48 | ||
| 526 | _aSEG47 | ||
| 526 | _aSEG46 | ||
| 526 | _aSEG24 | ||
| 526 | _aSEG23 | ||
| 526 | _aSEG22 | ||
| 526 | _aSEG21 | ||
| 526 | _aSEG20 | ||
| 526 | _aSEG19 | ||
| 526 | _aSEG18 | ||
| 526 | _aSEG17 | ||
| 526 | _aSEG16 | ||
| 526 | _aSEG14 | ||
| 526 | _aSEG13 | ||
| 526 | _aSEG12 | ||
| 526 | _aSEG11 | ||
| 526 | _aSEG10 | ||
| 526 | _aSEG09 | ||
| 526 | _aSEG06 | ||
| 526 | _aSEG05 | ||
| 526 | _aSEG04 | ||
| 526 | _aSEG03 | ||
| 526 | _aSEG02 | ||
| 526 | _aSEG68 | ||
| 526 | _aSEG66 | ||
| 526 | _aSEG45 | ||
| 526 | _aSEG25 | ||
| 526 | _aSEG01 | ||
| 526 | _aP163 | ||
| 526 | _aP162 | ||
| 526 | _aP161 | ||
| 526 | _aP160 | ||
| 526 | _aP159 | ||
| 526 | _aP158 | ||
| 526 | _aP157 | ||
| 526 | _aP156 | ||
| 526 | _aP155 | ||
| 526 | _aP154 | ||
| 526 | _aP153 | ||
| 526 | _aP152 | ||
| 526 | _aP151 | ||
| 526 | _aP150 | ||
| 526 | _aP149 | ||
| 526 | _aP142 | ||
| 526 | _aP141 | ||
| 526 | _aP140 | ||
| 526 | _aP139 | ||
| 526 | _aP138 | ||
| 526 | _aP137 | ||
| 526 | _aP132 | ||
| 526 | _aP131 | ||
| 526 | _aP130 | ||
| 526 | _aP126 | ||
| 526 | _aP125 | ||
| 526 | _aP124 | ||
| 526 | _aP123 | ||
| 526 | _aP115 | ||
| 526 | _aP122 | ||
| 526 | _aP121 | ||
| 526 | _aP116 | ||
| 526 | _a P114 | ||
| 526 | _aP112 | ||
| 526 | _aP111 | ||
| 526 | _aP104 | ||
| 526 | _aP103 | ||
| 526 | _aP102 | ||
| 526 | _aP101 | ||
| 526 | _aP100 | ||
| 526 | _aP96 | ||
| 526 | _aP95 | ||
| 526 | _aP93 | ||
| 526 | _aP92 | ||
| 526 | _aP91 | ||
| 526 | _aP88 | ||
| 526 | _aP83 | ||
| 526 | _aP82 | ||
| 526 | _aP79 | ||
| 526 | _aP78 | ||
| 526 | _aP75 | ||
| 526 | _aP74 | ||
| 526 | _aP71 | ||
| 526 | _aP69 | ||
| 526 | _a P51 | ||
| 526 | _aP49 | ||
| 526 | _aP48 | ||
| 526 | _aP47 | ||
| 526 | _aP33 | ||
| 526 | _aP31 | ||
| 526 | _a P30 | ||
| 526 | _aP29 | ||
| 526 | _aP27 | ||
| 526 | _aP26 | ||
| 526 | _aP25 | ||
| 526 | _aP24 | ||
| 526 | _a P22 | ||
| 526 | _aP10 | ||
| 526 | _aP09 | ||
| 526 | _a P08 | ||
| 526 | _aP06 | ||
| 526 | _aP05 | ||
| 526 | _aP04 | ||
| 526 | _aP01 | ||
| 541 | _g021-0000328; | ||
| 650 | 0 | 4 | _aConstructivismo (Psicología). |
| 650 | 0 | 4 | _aDiálogo. |
| 650 | 0 | 4 |
_aPsicoterapistas _xLenguaje. |
| 942 |
_2ddc _cBOOK |
||
| 949 |
_aPCF 616.8914 A57 _wDEWEY _c1 _i58856 _d2015-10-5 _lCCODEBUL1 _mBUL _p37.00 _q1 _r0 _sY _tBOOK _u2015-6-25 _xSALUD _PP54 _0COMPRA _o.CIRCNOTE. No olvidar cambiar la fecha de devolución!!!!!!! _o.STAFF. Colección Ciencias de la Salud |
||
| 994 |
_aC0 _bPEPRU |
||
| 596 | _a1 | ||
| 999 |
_aPCF 616.8914 A57 _wDEWEY _c47698 _i58856 _d47698 _e2018-8-8 _f2021-11-4 _g5 _lCCODEBUL1 _mBUL _n1 _p37.00 _q1 _r0 _sY _tBOOK _u2015-6-25 _xSALUD _zP54 _0COMPRA _o.CIRCNOTE. No olvidar cambiar la fecha de devolución!!!!!!! _o.STAFF. Colección Ciencias de la Salud |
||
| 980 |
_81 _gALBERTO SANCHEZ Responsable de Automatización |
||